Score 0/60 Timer 06:00
0 Plays Today
% Correct
 M 
96.9%
 S 
96.9%
 S 
96.9%
 E 
96.9%
 L 
96.9%
 A 
96.8%
 L 
96.5%
 E 
96.3%
MALLS           
96.3%
MALES           
95.5%
 V 
95.4%
 H 
95.3%
 A 
95.1%
 O 
94.9%
SHOVE           
94.9%
 L 
94.4%
 B 
94.4%
 S 
94.4%
 I 
94.3%
 S 
94.3%
 Y 
94.3%
 T 
94%
 A 
93.9%
 L 
93.9%
 T 
93.7%
SALTY            
93.2%
 N 
92.9%
MILES            
92.9%
SHAVE           
92.6%
 O 
92.6%
% Correct
MILLS            
92.3%
 D 
92.1%
 Y 
92.1%
STYLE           
92.1%
 L 
92%
STALE           
91.9%
 I 
91.6%
 E 
91%
 A 
90.9%
BONES           
90%
 M 
89.8%
MIMES           
89.8%
SILLY             
89.4%
SILTY             
88.9%
 R 
88.5%
BARDS           
88.5%
BONDS           
88.5%
SHALE           
88.4%
SALLY            
87.4%
 U 
87.2%
MAULS           
87.2%
BANDS           
87.1%
 X 
86.7%
SIXTY            
86.7%
STAVE           
86.5%
 D 
86.3%
SADLY            
86.3%
BANES           
80.4%
 X 
79.1%
BOXES           
79.1%
Remove Ads.
Support Sporcle.
Get the best of Sporcle when you Go Orange. This ad-free experience offers more features, more stats, and more fun while also helping to support Sporcle. Thank you for becoming a member.

You're not logged in!

Compare scores with friends on all Sporcle quizzes.
OR
Log In

Show Comments

Extras

Top Quizzes Today


Score Distribution

Your Account Isn't Verified!

In order to create a playlist on Sporcle, you need to verify the email address you used during registration. Go to your Sporcle Settings to finish the process.

Report this User

Report this user for behavior that violates our Community Guidelines.

Details: